Central Library OPAC University of Rajshahi

Charles Peirce's empiricism / (Record no. 31450)

MARC details
000 -LEADER
fixed length control field 01027cam a22002652 4500
001 - CONTROL NUMBER
control field 31450
003 - CONTROL NUMBER IDENTIFIER
rucl marc code BD-RjUL
005 - DATE AND TIME OF LATEST TRANSACTION
control field 20211209051713.0
008 - FIXED-LENGTH DATA ELEMENTS--GENERAL INFORMATION
fixed length control field 140416s1939 enk 000 0 eng u
035 ## - SYSTEM CONTROL NUMBER
System control number (BD-RjUL)31538
040 ## - CATALOGING SOURCE
Transcribing agency WSU
Modifying agency EYM
-- EIS
-- OCL
-- EQO
Original cataloging agency BD-RjUL
Language of cataloging eng
041 ## - LANGUAGE CODE
Language code of text/sound track or separate title eng
082 ## - DEWEY DECIMAL CLASSIFICATION NUMBER
Classification number 146.44
Author mark and year BUC 1939
100 1# - MAIN ENTRY--PERSONAL NAME
Personal name Buchler, Justus,
Dates associated with a name 1914-
9 (RLIN) 86503
245 10 - TITLE STATEMENT
Title Charles Peirce's empiricism /
Statement of responsibility, etc. by Justus Buchler ... with a foreword by Professor Ernest Nagel ...
260 ## - PUBLICATION, DISTRIBUTION, ETC. (IMPRINT)
Place of publication, distribution, etc. New York :
Name of publisher, distributor, etc. Harcourt, Brace and company ;
Place of publication, distribution, etc. London :
Name of publisher, distributor, etc. K. Paul, Trench, Trubner & co. ltd.,
Date of publication, distribution, etc. 1939.
300 ## - PHYSICAL DESCRIPTION
Pagination xvii, 275 p. :
Size 22 cm.
490 1# - SERIES STATEMENT
Series statement International library of psychology, philosophy, and scientific method
502 ## - DISSERTATION NOTE
Dissertation note Thesis (Ph. D.)--Columbia university, 1939.
600 10 - SUBJECT ADDED ENTRY--PERSONAL NAME
Personal name Peirce, Charles S.
Fuller form of name (Charles Sanders),
Dates associated with a name 1839-1914.
830 #0 - SERIES ADDED ENTRY--UNIFORM TITLE
Uniform title International library of psychology, philosophy, and scientific method
942 ## - ADDED ENTRY ELEMENTS (KOHA)
Source of classification or shelving scheme Dewey Decimal Classification
Koha item type Books
Holdings
Lost status Source of classification or shelving scheme Damaged status Not for loan Collection code Permanent Location Current Location Shelving location Date acquired Total Checkouts Full call number Date last seen Copy number Koha item type
  Dewey Decimal Classification   Not For Loan Non-fiction Central Library, University of Rajshahi Central Library, University of Rajshahi Reading Room 16/04/2014   146.44 BUC 1939 16/04/2014 C-1 Books